000 00391nam a2200145Ia 4500
008 211109s9999||||xx |||||||||||||| ||und||
082 _a530
_bGUP-M
100 _aGupta, Satish K
245 0 _aModern's Abc of Physics
260 _bModern Publishers
_aJalandhar
_c1989
300 _a600p.
630 _xReference Reading Room
650 _aApplied PhysicsNatural Sciences
_xPhysics
942 _cBOOK
999 _c10
_d10